LEADER 02880oam 2200517I 450 001 9910153195103321 005 20240501164502.0 010 $a1-315-51733-7 010 $a1-315-51731-0 010 $a1-315-51732-9 024 7 $a10.4324/9781315517339 035 $a(CKB)3710000000960712 035 $a(MiAaPQ)EBC4748663 035 $a(OCoLC)964527914 035 $a(EXLCZ)993710000000960712 100 $a20180706d2017 uy 0 101 0 $aeng 135 $aurcnu|||||||| 181 $2rdacontent 182 $2rdamedia 183 $2rdacarrier 200 10$aActing, spectating, and the unconscious $ea psychoanalytic perspective on unconscious processes of identification in the theatre /$fMaria Grazia Turri 205 $a1st ed. 210 1$aNew York :$cRoutledge,$d2017. 215 $a1 online resource (145 pages) 225 1 $aRoutledge Advances in Theatre & Performance Studies 311 08$a1-138-69924-1 320 $aIncludes bibliographical references at the end of each chapters and index. 327 $a1. Theorizing theatre spectatorship -- 2. Transference and katharsis, Freud to Aristotle -- 3. The Paradoxe inside out -- 4. The emotionalist theory of acting -- 5. Unconscious emotional processing in alpha-function -- 6. Acting and spectating in alpha-function. 330 $aFrom Aristotle's theory of tragic katharsis onwards, theorists of the theatre have long engaged with the question of what spectatorship entails. This question has, directly or indirectly, often been extended to the investigation of acting. Acting, Spectating, and the Unconscious approaches the unconscious aspects of spectatorship and acting afresh. Interweaving psychoanalytic descriptions of processes such as transference, unconscious phantasy, and alpha-function with an in-depth survey of theories of spectating and acting from Aristotle and Brecht to Diderot's Paradox of Acting and the emotionalist theories of the eighteenth century, Maria Grazia Turri offers a significant insight into the emotions inherent in both the art of the actor, and the spectator's experience. A compelling investigation of the unconscious communication between spectators and actors, this volume is a must-read for students and scholars fascinated by theatre spectatorship. 410 0$aRoutledge advances in theatre and performance studies. 606 $aTheater audiences$xPsychology 606 $aActing$xPsychological aspects 606 $aTheater and society 615 0$aTheater audiences$xPsychology. 615 0$aActing$xPsychological aspects. 615 0$aTheater and society. 676 $a792.01 700 $aTurri$b Maria Grazia.$0612968 801 0$bMiAaPQ 801 1$bMiAaPQ 801 2$bMiAaPQ 906 $aBOOK 912 $a9910153195103321 996 $aActing, spectating, and the unconscious$91979892 997 $aUNINA